Terres cuites et culte domestique : bestiaire de l'Égypte gréco-romaine /

محفوظ في:

المؤلف الرئيسي: Boutantin, Céline (مؤلف)

التنسيق: كتاب

اللغة: French

منشور في: Leiden ; Boston : Brill, 2014.

سلاسل: Religions in the Graeco-Roman world, 179.

الموضوعات:

الوسوم: إضافة وسم

لا توجد وسوم, كن أول من يضع وسما على هذه التسجيلة!

رقم الطلب: NB158.5 .E3 B68 2014

LEADER 01130namaa2200325 4500
001 25378
003 OSt
005 20250911093014.0
008 130303s2014 ne ab b 001 0 fre d
010 |a 2013036687 
020 |a 9789004262034 
040 |c ARCE Library 
043 |a f-ua--- 
050 4 |a NB158.5 .E3 B68 2014 
100 1 |a Boutantin, Céline,  |e author 
245 1 0 |a Terres cuites et culte domestique :   |b bestiaire de l'Égypte gréco-romaine /   |c par Céline Boutantin. 
264 1 |a Leiden ;   |a Boston :   |b Brill,   |c 2014. 
300 |a xxii, 642 pages :   |b color illustrations, maps ;   |c 25 cm. 
490 1 |a Religions in the Graeco-Roman world,   |x 0927-7633 ;   |v 179. 
504 |a Includes bibliographical references and index. 
650 0 |a Terra-cotta figurines, Hellenistic  |z Egypt. 
650 0 |a Terra-cotta figurines, Roman  |z Egypt. 
650 0 |a Cults  |z Egypt. 
651 0 |a Egypt  |x Religion. 
651 0 |a Egypt   |x Antiquities, Greek. 
651 0 |a Egypt   |x Antiquities, Roman. 
830 0 |a Religions in the Graeco-Roman world,   |x 0927-7633 ;   |v 179. 
901 |a reviewed 
942 |c BK  |2 lcc 
999 |c 23807  |d 23807